000 00186 a2200097 4500
020 _a9780822578109
041 _aspa
100 _aNelson, Robin
245 _aEmpujar y Jalar
942 _cBK
999 _c10437
_d10437